| 000 | 01644nam a2200385 a 4500 | ||
|---|---|---|---|
| 001 | ebr10486458 | ||
| 003 | CaPaEBR | ||
| 006 | m u | ||
| 007 | cr cn||||||||| | ||
| 008 | 110310s2011 gw a sb 001 0 eng d | ||
| 010 | _z 2011006346 | ||
| 020 | _z9783110250299 (alk. paper) | ||
| 020 | _z3110250292 (alk. paper) | ||
| 020 | _z9783110250329 (e-book) | ||
| 040 |
_aCaPaEBR _cCaPaEBR |
||
| 035 | _a(OCoLC)747314009 | ||
| 050 | 1 | 4 |
_aQC20.7.P7 _bG46 2011eb |
| 082 | 0 | 4 |
_a515/.42 _222 |
| 100 | 1 | _aGeorgii, Hans-Otto. | |
| 245 | 1 | 0 |
_aGibbs measures and phase transitions _h[electronic resource] / _cHans-Otto Georgii. |
| 250 | _a2nd ed. | ||
| 260 |
_aBerlin ; _aNew York : _bDe Gruyter, _cc2011. |
||
| 300 |
_axiv, 545 p. : _bill. |
||
| 490 | 1 |
_aDe Gruyter studies in mathematics, _x0179-0986 ; _v9 |
|
| 504 | _aIncludes bibliographical references and index. | ||
| 505 | 0 | _apt. 1. General theory and basic examples -- pt. 2. Markov chains and Gauss fields as Gibbs measures -- pt. 3. Shift-invariant Gibbs measures -- pt. 4. Phase transitions in reflection positive models. | |
| 533 |
_aElectronic reproduction. _bPalo Alto, Calif. : _cebrary, _d2013. _nAvailable via World Wide Web. _nAccess may be limited to ebrary affiliated libraries. |
||
| 650 | 0 | _aProbabilities. | |
| 650 | 0 | _aPhase transformations (Statistical physics) | |
| 650 | 0 | _aMeasure theory. | |
| 655 | 7 |
_aElectronic books. _2local |
|
| 710 | 2 | _aebrary, Inc. | |
| 830 | 0 |
_aDe Gruyter studies in mathematics ; _v9. |
|
| 856 | 4 | 0 |
_uhttp://site.ebrary.com/lib/rucke/Doc?id=10486458 _zAn electronic book accessible through the World Wide Web; click to view |
| 999 |
_c124363 _d124363 |
||